Normal view
MARC view
- Porter, Eleanor H.
Entry Personal Name
001 - CONTROL NUMBER
- control field: 11263
003 - CONTROL NUMBER IDENTIFIER
- control field: NUST
005 - DATE AND TIME OF LATEST TRANSACTION
- control field: 20180626051838.0
008 - FIXED-LENGTH DATA ELEMENTS
- fixed length control field: 180626|| aca||aabn | a|a d
040 ## - CATALOGING SOURCE
- Original cataloging agency: NUST
- Transcribing agency: NUST
100 ## - HEADING--PERSONAL NAME
- Personal name: Porter, Eleanor H.
- Fuller form of name: (Eleanor Hodgman),
- Dates associated with a name: 1868-1920.
670 ## - SOURCE DATA FOUND
- Source citation: Work cat.: (NUST)48223: Porter, Eleanor H. (Eleanor Hodgman), 1868-1920., Pollyanna grows up,, [1920]
